000 00881cam a22002771 4500
001 ne 68001474
003 DLC
005 20260227111840.0
008 810305s1964 tu bd 000 0 tur
010 _ane 68001474
035 _a(OCoLC)7192771
040 _aDLC
_cOCoLC
_dDLC
041 0 _aturenglat
042 _apremarc
050 0 0 _aR121
_b.T79
100 1 _aTuğlacı, Pars.
245 1 0 _aTıp lûgatı:
_bİngilizce-Lâtince-Türkc̦e.
260 _aİstanbul,
_bİ. Akgün Matbaası
_c[1964]
300 _axiv, 595 p.
_c24 cm.
500 _aAdded t.p.: The medical dictionary: English-Latin-Turkish.
504 _aBibliography on lining paper.
650 0 _aMedicine
_xDictionaries
_xTurkish.
650 0 _aEnglish language
_xDictionaries
_xTurkish.
650 0 _aLatin language
_xDictionaries
_xTurkish.
740 4 _aThe medical dictionary: English-Latin-Turkish.
999 _c50297
_d50297